Españoles en París (Registro nro. 59)

Detalles MARC
000 -CABECERA
Longitud fija campo de control 00515nam a22002051i 4500
001 - NÚMERO DE CONTROL
Número de control bimo0000636480
003 - IDENTIFICADOR DELl NÚMERO DE CONTROL
Identificador del número de control OSt
005 - FECHA Y HORA DE LA ÚLTIMA TRANSACCIÓN
Fecha y hora de la última transacción 20160405153947.0
008 - CÓDIGOS DE INFORMACIÓN DE LONGITUD FIJA
Códigos de información de longitud fija 900725s1946 sp spa
035 ## - NÚMERO DE CONTROL DEL SISTEMA
Número de control del sistema (OCoLC)431976511
040 ## - FUENTE DE LA CATALOGACIÓN
Centro transcriptor BMC
082 ## - NÚMERO DE LA CLASIFICACIÓN DECIMAL DEWEY
Número de edición 864.56
100 00 - PUNTO DE ACCESO PRINCIPAL-NOMBRE DE PERSONA
9 (RLIN) 25
Nombre de persona Azorín
Fechas asociadas al nombre 1873-1967
245 10 - MENCIÓN DE TÍTULO
Título Españoles en París
Mención de responsabilidad, etc. Azorín
250 ## - MENCIÓN DE EDICIÓN
Mención de edición 4ª ed
260 0# - PUBLICACIÓN, DISTRIBUCIÓN, ETC. (PIE DE IMPRENTA)
Lugar de publicación, distribución, etc. Buenos Aires
Nombre del editor, distribuidor, etc. Espasa-Calpe Argentina
Fecha de publicación, distribución, etc. 1946
300 ## - DESCRIPCIÓN FÍSICA
Extensión 183 p.
Dimensiones 18 cm
490 0# - MENCIÓN DE SERIE
Mención de serie Austral
Designación de volumen o secuencia 67
942 ## - ENTRADA DE ELEMENTOS AGREGADOS (KOHA)
Fuente de clasificaión o esquema Dewey Decimal Classification
Koha [por defecto] tipo de item 1- Monografias
Parte de clasificación prozim
Existencias
Suprimido Perdido Fuente de clasificación o esquema Estropeado Restricciones de uso No para préstamo Código de colección Localización permanente Localización actual Localización en estanter&íacute;as Fecha adquisición Fuente de adquisición Número de inventario Préstamos totales Signatura completa Código de barras Fecha última consulta Coste, precio reemplazado Fecha del precio de reemplazo Tipo de item de Koha
NULL NULL Dewey Decimal Classification NULL Prestable NULL NULL Biblioteca Miguel de Cervantes - UNICAES Biblioteca Miguel de Cervantes - UNICAES Sala Principal 06/10/2003 Donación - Marco Rene Revelo 000038   864 AZO esp 1000040 03/04/2013 6.25 03/04/2013 1- Monografias